| 000 | 00526nam a2200181Ia 4500 | ||
|---|---|---|---|
| 005 | 20250423101114.0 | ||
| 008 | 250422s9999 xx 000 0 und d | ||
| 020 | _a9789374736012 | ||
| 050 | _aPN 4784.T4 .K45/ | ||
| 100 | _aKeller, Teresa | ||
| 245 | 0 | _aTelevision news : a handbook for reporting, writing, shooting, editing & producing | |
| 260 | _aNew Delhi | ||
| 260 | _bAITBS Publishers | ||
| 260 | _c2021 | ||
| 300 | _a436 p | ||
| 650 | _aTelevision broadcasting of news--Handbooks, manuals, etc. | ||
| 942 | _cBK | ||
| 999 |
_c35304 _d35304 |
||